[Event "2.BLW 1617 Düsseldorfer SK - SF Katernb"]
[Site "?"]
[Date "2017.02.05"]
[Round "5.5"]
[White "Kevlishvili, Robby"]
[Black "Coenen, Michael"]
[Result "1-0"]
[WhiteElo "2417"]
[BlackElo "2379"]
[PlyCount "163"]
[EventDate "2017.??.??"]

1. e4 c6 2. d4 d5 3. e5 c5 4. dxc5 Nc6 5. Nf3 Bg4 6. Bb5 e6 7. Be3 Nge7 8. c3
Qa5 9. Qa4 Qxa4 10. Bxa4 Bxf3 11. gxf3 Nf5 12. Bd4 Be7 13. Nd2 O-O 14. Bxc6
bxc6 15. Nb3 Rfb8 16. O-O-O Rb5 17. Kc2 Rab8 18. Rb1 a5 19. Nc1 Nxd4+ 20. cxd4
Rb4 21. Ne2 Bh4 22. Rhf1 f6 23. f4 Rf8 24. f3 Rb7 25. Rbd1 Rfb8 26. b3 Rf7 27.
Rd3 Ra7 28. a3 Kf7 29. Rg1 h5 30. Rg2 Rg8 31. Rd1 g6 32. Rdg1 f5 33. Nc1 Be7
34. Nd3 Bf8 35. Kb2 Bh6 36. Ra1 Rga8 37. Ra2 Bf8 38. Kb1 Be7 39. b4 Bd8 40.
Rgb2 g5 41. fxg5 Bxg5 42. f4 Bh4 43. b5 cxb5 44. Rxb5 Rg8 45. Rc2 Rg1+ 46. Rc1
Rxc1+ 47. Kxc1 Bd8 48. Rb2 Ke8 49. Rg2 Kf7 50. Kc2 Rb7 51. Nb2 Rb8 52. Na4 Rb7
53. Nc3 Rb8 54. Rg1 Bh4 55. Rb1 Rxb1 56. Kxb1 Bf2 57. Ne2 Ke7 58. Kc2 Kd7 59.
Kd3 h4 60. h3 Kc6 61. a4 Kd7 62. Nc1 Kc6 63. Nb3 Be1 64. Ke3 Kc7 65. Nc1 Bc3
66. Ne2 Bb2 67. Kd3 Ba3 68. Ng1 Bc1 69. Nf3 Bxf4 70. Nxh4 Bh6 71. Ng6 Kd7 72.
h4 Kc7 73. Nh8 Kd7 74. Nf7 Bc1 75. h5 Ke7 76. h6 Kxf7 77. h7 Kg7 78. h8=Q+ Kxh8
79. c6 Bg5 80. c7 Bd8 81. c8=Q Kh7 82. Qxd8 1-0

[Event "2.BLW 1617 Düsseldorfer SK - SF Katernb"]
[Site "?"]
[Date "2017.02.05"]
[Round "5.6"]
[White "Miedema, David"]
[Black "Siebrecht, Sebastian"]
[Result "0-1"]
[WhiteElo "2362"]
[BlackElo "2437"]
[PlyCount "60"]
[EventDate "2017.??.??"]

1. d4 d5 2. c4 c6 3. Nc3 Nf6 4. cxd5 cxd5 5. Nf3 Nc6 6. Bf4 a6 7. Ne5 e6 8.
Nxc6 bxc6 9. e3 c5 10. Bd3 Bd7 11. O-O cxd4 12. exd4 Qb6 13. Qe2 Be7 14. Be5
O-O 15. Rad1 Rfc8 16. Rd2 Be8 17. Re1 Nd7 18. Bxh7+ Kxh7 19. Qh5+ Kg8 20. Bxg7
Kxg7 21. Rd3 Rxc3 22. bxc3 Bf6 23. Rg3+ Kf8 24. h4 Rc8 25. Qh7 Ke7 26. h5 Qb2
27. Qd3 Bh4 28. Rf3 Nf6 29. h6 Rxc3 30. Qf5 Qd2 0-1

[Event "2.BLW 1617 Düsseldorfer SK - SF Katernb"]
[Site "?"]
[Date "2017.02.05"]
[Round "5.7"]
[White "Scholz, Christian"]
[Black "Harff, Marcel"]
[Result "0-1"]
[WhiteElo "2378"]
[BlackElo "2356"]
[PlyCount "80"]
[EventDate "2017.??.??"]

1. e4 e6 2. d4 d5 3. Nd2 dxe4 4. Nxe4 Nd7 5. Nf3 Ngf6 6. Nxf6+ Nxf6 7. Bg5 Be7
8. Be2 O-O 9. Ne5 c5 10. dxc5 Qa5+ 11. Bd2 Qxc5 12. Nd3 Qc7 13. O-O e5 14. Re1
Bd6 15. g3 h6 16. c4 Bf5 17. c5 Bxc5 18. Nxc5 Qxc5 19. Qb3 Be6 20. Qc3 Qd4 21.
Rad1 Ne4 22. Qxd4 exd4 23. Bb4 Rfd8 24. h4 Rac8 25. Bf3 Nc5 26. b3 b6 27. Rd2
Bf5 28. Re5 Bh7 29. Re7 a5 30. Ba3 d3 31. Kf1 a4 32. b4 Ne6 33. Bg4 Rc2 34. Ke1
Nd4 35. Bd1 Rcc8 36. Bb2 Nf5 37. Re5 Nd6 38. Bg4 Rc4 39. Bf3 Rxb4 40. Rd5 Re8+
0-1

[Event "2.BLW 1617 Düsseldorfer SK - SF Katernb"]
[Site "?"]
[Date "2017.02.05"]
[Round "5.8"]
[White "Hainke, Guntram"]
[Black "Gassmann, Volker"]
[Result "1/2-1/2"]
[WhiteElo "2290"]
[BlackElo "2171"]
[PlyCount "46"]
[EventDate "2017.??.??"]

1. c4 e5 2. Nc3 Bb4 3. Nf3 Bxc3 4. bxc3 Nc6 5. g3 Nf6 6. Bg2 O-O 7. O-O Re8 8.
d3 d6 9. e4 Bd7 10. h3 a6 11. Be3 Qe7 12. Kh2 b5 13. Nd2 Reb8 14. f4 h6 15. Qf3
b4 16. cxb4 Rxb4 17. fxe5 dxe5 18. Nb3 Ra4 19. Bxh6 gxh6 20. Qxf6 Qxf6 21. Rxf6
Kg7 22. Raf1 Be8 23. R6f2 Nb4 1/2-1/2

[Event "2.BLW 1617 Aachener SV - SG Köln Porz"]
[Site "?"]
[Date "2017.02.05"]
[Round "5.1"]
[White "Van Wely, Loek"]
[Black "Seel, Christian"]
[Result "1/2-1/2"]
[WhiteElo "2695"]
[BlackElo "2471"]
[PlyCount "117"]
[EventDate "2017.??.??"]

1. Nf3 Nf6 2. c4 c5 3. Nc3 d5 4. cxd5 Nxd5 5. g3 Nc6 6. Bg2 g6 7. Qb3 Nb6 8. d3
Bg7 9. Ne4 Bg4 10. Be3 Bxf3 11. Bxf3 Nd4 12. Bxd4 Qxd4 13. O-O O-O 14. Rac1
Rac8 15. e3 c4 16. Rxc4 Qxb2 17. Qxb2 Bxb2 18. Rb4 Bg7 19. a4 Rc7 20. Rfb1 Rb8
21. d4 Nd5 22. Rb5 e6 23. Nc5 Nc3 24. Rxb7 Rbxb7 25. Rxb7 Rxb7 26. Bxb7 e5 27.
dxe5 Bf8 28. Ne4 Nxa4 29. Bd5 a5 30. Ng5 Nc3 31. Bxf7+ Kh8 32. Ne6 Bg7 33. f4
Nd1 34. e4 Nc3 35. Nc5 a4 36. Kg2 Bf8 37. Ne6 a3 38. Nxf8 Kg7 39. Bc4 Kxf8 40.
Kf3 a2 41. Bxa2 Nxa2 42. f5 Nb4 43. e6 Ke7 44. h4 Kf6 45. g4 Nd3 46. Ke3 Ne5
47. g5+ Ke7 48. Kf4 Nd3+ 49. Kg4 Ne5+ 50. Kg3 Nd3 51. Kf3 Ne5+ 52. Ke3 Kd6 53.
Kf4 Nd3+ 54. Kg4 Ne5+ 55. Kg3 Nd3 56. Kf3 Ne5+ 57. Ke3 Ke7 58. Kf4 Nd3+ 59. Ke3
1/2-1/2

[Event "2.BLW 1617 Aachener SV - SG Köln Porz"]
[Site "?"]
[Date "2017.02.05"]
[Round "5.3"]
[White "Khenkin, Igor"]
[Black "Vandenbussche, Thibaut"]
[Result "1/2-1/2"]
[WhiteElo "2565"]
[BlackElo "2374"]
[PlyCount "59"]
[EventDate "2017.??.??"]

1. d4 Nf6 2. Nf3 c5 3. d5 g6 4. c4 Bg7 5. Nc3 O-O 6. e4 d6 7. h3 e6 8. Be2 exd5
9. exd5 Re8 10. O-O Ne4 11. Nxe4 Rxe4 12. Bd3 Re8 13. Bg5 Bf6 14. Qd2 Nd7 15.
Bxf6 Nxf6 16. Rfe1 Rxe1+ 17. Rxe1 Qf8 18. Qc3 Qg7 19. b4 b6 20. bxc5 bxc5 21.
Qa5 Bd7 22. Rb1 Qf8 23. Rb7 a6 24. Qc3 Qd8 25. Nd2 Bc8 26. Rb1 Ra7 27. Bc2 Rb7
28. Rf1 Nh5 29. Bd1 Qf6 30. Ne4 1/2-1/2

[Event "2.BLW 1617 Aachener SV - SG Köln Porz"]
[Site "?"]
[Date "2017.02.05"]
[Round "5.4"]
[White "Jackelen, Thomas"]
[Black "Bok, Benjamin"]
[Result "0-1"]
[WhiteElo "2406"]
[BlackElo "2608"]
[PlyCount "88"]
[EventDate "2017.??.??"]

1. d4 Nf6 2. Bf4 g6 3. e3 Bg7 4. Nf3 O-O 5. h3 c5 6. c3 Qb6 7. Qb3 d6 8. Nbd2
Nc6 9. Bh2 Be6 10. Bc4 d5 11. Be2 c4 12. Qxb6 axb6 13. O-O b5 14. a3 h6 15.
Rfe1 Nd7 16. e4 dxe4 17. Nxe4 Bd5 18. Nfd2 f5 19. Ng3 e5 20. dxe5 Ncxe5 21. f4
Nd3 22. Bxd3 cxd3 23. Ngf1 Nc5 24. Bg3 Na4 25. Rab1 Rfe8 26. Re3 Rxe3 27. Nxe3
Ba2 28. Ra1 Bf7 29. Rb1 Re8 30. Ndf1 Ba2 31. Ra1 Bb3 32. Rb1 Bf8 33. Bf2 Bc5
34. g3 Bc2 35. Re1 Kf7 36. Kg2 Nxb2 37. Kf3 Ba4 38. g4 fxg4+ 39. hxg4 Nc4 40.
Nxc4 Rxe1 41. Nd6+ Bxd6 42. Bxe1 Bd1+ 43. Kg3 g5 44. Bd2 Be2 0-1

[Event "2.BLW 1617 Aachener SV - SG Köln Porz"]
[Site "?"]
[Date "2017.02.05"]
[Round "5.5"]
[White "Korneev, Oleg"]
[Black "Sonntag, Hans-Hubert"]
[Result "1-0"]
[WhiteElo "2598"]
[BlackElo "2352"]
[PlyCount "109"]
[EventDate "2017.??.??"]

1. e4 e5 2. Nf3 Nc6 3. Bb5 a6 4. Ba4 Nf6 5. O-O Be7 6. d3 b5 7. Bb3 d6 8. a3
O-O 9. Nc3 Be6 10. Nd5 Na5 11. Ba2 c6 12. Nxf6+ Bxf6 13. Bxe6 fxe6 14. b4 Nb7
15. Bb2 Qc7 16. c4 c5 17. Qb3 bxc4 18. Qxc4 Qd7 19. bxc5 Rfc8 20. d4 exd4 21.
Bxd4 Bxd4 22. Qxd4 Rxc5 23. Rfd1 Qc6 24. Rab1 Rc8 25. h3 e5 26. Qe3 Na5 27. Qd3
Nc4 28. Nd2 d5 29. exd5 Qxd5 30. Nxc4 Qxd3 31. Rxd3 Rxc4 32. Rb7 Rd4 33. Rg3 g6
34. Rf3 Rf4 35. Rd3 Rc1+ 36. Kh2 Rxf2 37. Rd8+ Rf8 38. Rdd7 Rf6 39. Rg7+ Kf8
40. Rxh7 Kg8 41. Rbg7+ Kf8 42. Rb7 Kg8 43. Rbg7+ Kf8 44. Ra7 Kg8 45. Rhe7 Rcc6
46. Re8+ Rf8 47. Rxe5 Rf7 48. Ree7 Rxe7 49. Rxe7 Kf8 50. Ra7 g5 51. a4 Ke8 52.
a5 Kd8 53. Kg3 Kc8 54. Kg4 Kb8 55. Rf7 1-0

[Event "2.BLW 1617 Aachener SV - SG Köln Porz"]
[Site "?"]
[Date "2017.02.05"]
[Round "5.6"]
[White "Klein, Felix"]
[Black "Reinderman, Dimitri"]
[Result "1-0"]
[WhiteElo "2320"]
[BlackElo "2578"]
[PlyCount "83"]
[EventDate "2017.??.??"]

1. e4 c5 2. Nf3 Nc6 3. d4 cxd4 4. Nxd4 g6 5. Nc3 Bg7 6. Be3 Nf6 7. Bc4 O-O 8.
Bb3 Re8 9. f3 e6 10. O-O d5 11. exd5 exd5 12. Bf2 Na5 13. Qd3 a6 14. Rfe1 Be6
15. Rad1 b5 16. Nxe6 fxe6 17. Bd4 Kh8 18. Kh1 Nc6 19. Bg1 Nd7 20. Ne2 Bxb2 21.
c3 Ba3 22. Nf4 Nf8 23. Nxd5 Rb8 24. Bd4+ e5 25. Bf2 Qg5 26. Re4 Qh6 27. Bh4 g5
28. Qe3 Ne6 29. Rg4 Bc5 30. Qc1 Rg8 31. Nb4 Bxb4 32. cxb4 Rbc8 33. Qe3 Rg7 34.
Rd6 Ncd4 35. Bxe6 Nxe6 36. Bg3 Qg6 37. h3 Qb1+ 38. Kh2 h5 39. Rxe6 hxg4 40.
Bxe5 Qh7 41. Qxg5 g3+ 42. Qxg3 1-0

[Event "2.BLW 1617 Aachener SV - SG Köln Porz"]
[Site "?"]
[Date "2017.02.05"]
[Round "5.7"]
[White "Van Den Doel, Erik"]
[Black "Begnis, Nikolaos"]
[Result "1-0"]
[WhiteElo "2568"]
[BlackElo "2288"]
[PlyCount "76"]
[EventDate "2017.??.??"]

1. e4 Nc6 2. Nc3 Nf6 3. d4 d6 4. h3 e6 5. Be3 d5 6. e5 Ne4 7. Nxe4 dxe4 8. Ne2
b6 9. Nc3 Bb7 10. Qg4 Qd7 11. O-O-O O-O-O 12. a3 f5 13. exf6 gxf6 14. Qxe4 f5
15. Qh4 Qf7 16. Bc4 Na5 17. Ba2 Bxg2 18. Rhe1 Bd5 19. Nxd5 exd5 20. Qg3 Bd6 21.
Qf3 c6 22. Bd2 Nb7 23. c4 dxc4 24. Qxc6+ Kb8 25. Bxc4 Qg7 26. Kb1 Rc8 27. Qd5
Rhd8 28. Ba6 Rc7 29. Qxf5 Rf7 30. Qg5 Qf8 31. Qg2 Rf3 32. Re3 Qf5+ 33. Ka1 Rf8
34. Rde1 Nd8 35. Rxf3 Qxf3 36. Rc1 Bc7 37. Qg7 Ne6 38. Qd7 Qe4 1-0

[Event "2.BLW 1617 Aachener SV - SG Köln Porz"]
[Site "?"]
[Date "2017.02.05"]
[Round "5.8"]
[White "Meessen, Rudolf"]
[Black "Lutz, Christopher"]
[Result "1/2-1/2"]
[WhiteElo "2285"]
[BlackElo "2535"]
[PlyCount "44"]
[EventDate "2017.??.??"]

1. d4 Nf6 2. Nc3 d5 3. Bf4 Bf5 4. f3 e6 5. g4 Bg6 6. h4 h5 7. g5 Nfd7 8. e3 Nc6
9. Bd3 Bxd3 10. Qxd3 g6 11. O-O-O a6 12. e4 Nb6 13. b3 Bg7 14. Nge2 Qe7 15. e5
Bf8 16. Kb1 Qd7 17. Bc1 Be7 18. f4 O-O-O 19. Qf3 Rhg8 20. Rhe1 Kb8 21. f5 exf5
22. Nf4 Bb4 {(=)} 1/2-1/2

[Event "2.BLW 1617 SG Bochum - SG Köln Porz"]
[Site "?"]
[Date "2017.02.19"]
[Round "6.1"]
[White "Van Wely, Loek"]
[Black "Hendriks, Willy"]
[Result "1-0"]
[WhiteElo "2676"]
[BlackElo "2397"]
[PlyCount "81"]
[EventDate "2017.??.??"]

1. d4 d6 2. Nf3 Bg4 3. c4 Nd7 4. Nc3 Ngf6 5. e3 e5 6. h3 Bh5 7. g4 Bg6 8. Nh4
Ne4 9. Nxg6 Nxc3 10. Qc2 hxg6 11. Qxc3 Be7 12. Bg2 c6 13. O-O O-O 14. b4 Bf6
15. Rb1 exd4 16. exd4 Nb6 17. b5 c5 18. Bxb7 Rb8 19. Bc6 Bxd4 20. Qd3 Qf6 21.
Bd2 Rbd8 22. Kg2 d5 23. cxd5 Nxd5 24. Qf3 Nc3 25. Bxc3 Bxc3 26. Rfd1 Qe5 27. a4
Ba5 28. Bd5 Rd6 29. Rb3 Rf6 30. Re3 Rxf3 31. Rxe5 Rf4 32. Re7 Bb6 33. a5 Bxa5
34. Rxa7 Bc3 35. b6 Rb4 36. b7 Be5 37. Ra8 Rd4 38. Rxd4 cxd4 39. Rc8 d3 40. g5
d2 41. Bb3 1-0

[Event "2.BLW 1617 SG Bochum - SG Köln Porz"]
[Site "?"]
[Date "2017.02.19"]
[Round "6.3"]
[White "Khenkin, Igor"]
[Black "Goudriaan, Etienne"]
[Result "1-0"]
[WhiteElo "2565"]
[BlackElo "2360"]
[PlyCount "127"]
[EventDate "2017.??.??"]

1. d4 Nf6 2. c4 e6 3. Nc3 Bb4 4. f3 O-O 5. a3 Bxc3+ 6. bxc3 Ne8 7. e4 b6 8. Bd3
Ba6 9. Nh3 Nc6 10. O-O Na5 11. Qe2 c5 12. e5 f6 13. Ra2 Rc8 14. Rc2 Qc7 15. Bf4
Qc6 16. d5 Qa4 17. dxe6 dxe6 18. exf6 Nxf6 19. Qxe6+ Kh8 20. Ng5 Bxc4 21. Bxc4
Qxc4 22. Nf7+ Kg8 23. Nh6+ Kh8 24. Nf7+ Kg8 25. Qxc4 Nxc4 26. Nd6 Nxd6 27. Bxd6
Rfe8 28. Rd1 Rcd8 29. Kf2 Rd7 30. Rcd2 Rf7 31. Kg1 Re3 32. Rc1 Rd7 33. Kf2 Re4
34. c4 g5 35. Rcc2 Re6 36. Bg3 Rf7 37. Kg1 Re3 38. a4 Rfe7 39. a5 Nh5 40. axb6
Nxg3 41. hxg3 axb6 42. g4 Rb3 43. Rd5 h6 44. Rd6 Kg7 45. Kh2 Rb4 46. Rc6 Rb7
47. Re2 Rxc4 48. Ree6 b5 49. Rxh6 Kg8 50. Rc8+ Kg7 51. Rcc6 Kg8 52. Rh5 Rg7 53.
Rc8+ Kf7 54. Rh6 b4 55. Rc7+ Kg8 56. Rc8+ Kf7 57. Rhc6 b3 58. Rxc5 b2 59. Rf5+
Kg6 60. Rb8 Rc2 61. Rb6+ Kh7 62. Rfb5 Rd7 63. Rxb2 Rdd2 64. Rb7+ 1-0

[Event "2.BLW 1617 SG Bochum - SG Köln Porz"]
[Site "?"]
[Date "2017.02.19"]
[Round "6.4"]
[White "Schlawin, Marlon"]
[Black "Bok, Benjamin"]
[Result "0-1"]
[WhiteElo "2345"]
[BlackElo "2596"]
[PlyCount "110"]
[EventDate "2017.??.??"]

1. e4 c5 2. Nf3 d6 3. c3 Nf6 4. Bd3 Nc6 5. O-O Bg4 6. h3 Bh5 7. Bc2 e6 8. d3
Be7 9. Re1 O-O 10. Nbd2 d5 11. Nf1 dxe4 12. dxe4 Qxd1 13. Bxd1 Rfd8 14. Ng3 Bg6
15. Ba4 Nd7 16. Bf4 Rac8 17. Rad1 a6 18. Bd6 b5 19. Bxe7 Nxe7 20. Bc2 Nc6 21.
Kf1 f6 22. Rd6 Kf7 23. Red1 Ke7 24. Ne2 Bf7 25. Bb3 c4 26. Bc2 e5 27. Nh2 Nc5
28. Rxd8 Nxd8 29. Ng4 Rb8 30. Ne3 g6 31. Nd5+ Bxd5 32. Rxd5 Nde6 33. Rd2 b4 34.
b3 cxb3 35. Bxb3 Nxe4 36. Rc2 Rd8 37. Ke1 N6c5 38. Bc4 Nxc3 39. Nxc3 bxc3 40.
Rxc3 a5 41. Bb5 Kd6 42. a4 Rc8 43. Rc2 Rc7 44. Rd2+ Ke7 45. Rd5 Ne4 46. Rd3 Nd6
47. Kd2 Nxb5 48. axb5 Rd7 49. b6 e4 50. Rxd7+ Kxd7 51. Ke3 f5 52. Kd4 Kc6 53.
b7 Kxb7 54. Kc5 a4 55. Kb4 f4 0-1

[Event "2.BLW 1617 SG Bochum - SG Köln Porz"]
[Site "?"]
[Date "2017.02.19"]
[Round "6.5"]
[White "Korneev, Oleg"]
[Black "Hengelbrock, Joachim"]
[Result "1-0"]
[WhiteElo "2596"]
[BlackElo "2310"]
[PlyCount "49"]
[EventDate "2017.??.??"]

1. e4 e6 2. d4 d5 3. Nd2 g6 4. c3 Ne7 5. Bd3 Bg7 6. e5 b6 7. Ndf3 h6 8. Bf4 a5
9. Ne2 Ba6 10. Bc2 c5 11. O-O Nd7 12. Re1 Qc7 13. Ng3 Nc6 14. a3 Rc8 15. Rc1
Qb7 16. h4 Bf8 17. Nh2 Be7 18. h5 g5 19. Be3 c4 20. Ng4 b5 21. f4 gxf4 22. Bxf4
Bf8 23. Qf3 Kd8 24. Be3 Nb6 25. Qf6+ 1-0

[Event "2.BLW 1617 SG Bochum - SG Köln Porz"]
[Site "?"]
[Date "2017.02.19"]
[Round "6.6"]
[White "Dahm, Jochen"]
[Black "Reinderman, Dimitri"]
[Result "0-1"]
[WhiteElo "2271"]
[BlackElo "2578"]
[PlyCount "62"]
[EventDate "2017.??.??"]

1. e4 d6 2. d4 Nf6 3. Bd3 e5 4. Nf3 exd4 5. Nxd4 g6 6. c4 Bg7 7. O-O O-O 8. Bg5
h6 9. Bh4 c6 10. Nc3 Qb6 11. Nb3 Nbd7 12. Kh1 a5 13. Rb1 a4 14. Nd2 Nc5 15. Bc2
Qa5 16. Qf3 Bg4 17. Qg3 Rfe8 18. f3 Be6 19. Ne2 d5 20. cxd5 cxd5 21. e5 d4 22.
Nxd4 Bxa2 23. Ra1 Nd5 24. Qf2 Bxe5 25. Rxa2 Qb4 26. Ne4 Bxd4 27. Qg3 Ne3 28.
Qf4 Nxe4 29. Bxe4 Nxf1 30. Bd5 Rf8 31. Bf2 Rad8 0-1

[Event "2.BLW 1617 SG Bochum - SG Köln Porz"]
[Site "?"]
[Date "2017.02.19"]
[Round "6.7"]
[White "Van Den Doel, Erik"]
[Black "Werthebach, Felix"]
[Result "1-0"]
[WhiteElo "2568"]
[BlackElo "2144"]
[PlyCount "151"]
[EventDate "2017.??.??"]

1. e4 c5 2. Nf3 e6 3. c4 Nc6 4. Nc3 a6 5. d4 cxd4 6. Nxd4 Qc7 7. a3 g6 8. Be3
Bg7 9. Be2 Nge7 10. O-O O-O 11. Rc1 d6 12. Qd2 Nxd4 13. Bxd4 Bxd4 14. Qxd4 Nc6
15. Qd1 e5 16. Bg4 Be6 17. Bxe6 fxe6 18. Ne2 Rad8 19. Rc3 Qb6 20. Rb3 Qa7 21.
Qd2 Rf7 22. Qe3 Qc5 23. Rc1 Rdf8 24. f3 Nd4 25. Nxd4 exd4 26. Qd2 Rc8 27. Rd3
e5 28. b4 Qc6 29. Qa2 Kg7 30. Rd2 Rfc7 31. Qb3 b5 32. c5 dxc5 33. bxc5 Qd7 34.
Qb4 a5 35. Qxa5 Rxc5 36. Rcd1 Qf7 37. Rd3 Qa2 38. R3d2 Rc2 39. h4 Rxd2 40. Rxd2
Qc4 41. Kh2 Kh6 42. Rb2 Rb8 43. Qa7 Qc8 44. Qe7 Qd8 45. Qxd8 Rxd8 46. Rxb5 Kg7
47. Kg3 Kf6 48. Rb6+ Kf7 49. Kf2 Ra8 50. Rb3 h6 51. Ke2 Ra6 52. Kd3 Kf6 53. Kc4
g5 54. hxg5+ Kxg5 55. g3 h5 56. Rb5 Kf6 57. f4 Rxa3 58. Rxe5 Rxg3 59. Kxd4 h4
60. Rh5 h3 61. f5 Ra3 62. e5+ Kg7 63. Ke4 Ra4+ 64. Kf3 Ra5 65. Kf4 Ra4+ 66. Kg5
Re4 67. f6+ Kf7 68. Kf5 Re3 69. Kf4 Ra3 70. Rh7+ Kg6 71. Rg7+ Kh6 72. Rg8 h2
73. Rh8+ Kg6 74. Rxh2 Ra4+ 75. Ke3 Kf5 76. f7 1-0

[Event "2.BLW 1617 SG Bochum - SG Köln Porz"]
[Site "?"]
[Date "2017.02.19"]
[Round "6.8"]
[White "Koellner, Ruben Gideon"]
[Black "Lutz, Christopher"]
[Result "0-1"]
[WhiteElo "2165"]
[BlackElo "2535"]
[PlyCount "112"]
[EventDate "2017.??.??"]

1. d4 Nf6 2. Bg5 e6 3. Nd2 h6 4. Bh4 c5 5. e4 cxd4 6. e5 g5 7. Bg3 Nd5 8. h4
gxh4 9. Bxh4 Qa5 10. Ngf3 Nc6 11. Bd3 d6 12. exd6 Bxd6 13. Kf1 Qc7 14. Ne4 Be7
15. Bxe7 Qxe7 16. Bc4 Nf6 17. Nxf6+ Qxf6 18. Bb5 Bd7 19. Nxd4 O-O-O 20. c3 Nxd4
21. Bxd7+ Rxd7 22. cxd4 Kb8 23. Rc1 Qxd4 24. Qxd4 Rxd4 25. Ke2 h5 26. Rhd1 Rhd8
27. Rxd4 Rxd4 28. Rc5 Rd5 29. Rc4 Rb5 30. b3 Ra5 31. a4 Rg5 32. Kf3 b6 33. g3
Kb7 34. Rf4 f5 35. Rc4 Rg4 36. Rc3 Re4 37. Rc1 h4 38. gxh4 Rxh4 39. Kg3 Rg4+
40. Kf3 Rb4 41. Rc3 a5 42. Ke3 Re4+ 43. Kd2 Rd4+ 44. Ke3 e5 45. Ke2 Rd5 46. Rf3
f4 47. Rc3 Rc5 48. Rd3 Kc6 49. Kf3 Rd5 50. Rc3+ Kd6 51. Ke4 Rd2 52. Rh3 Rxf2
53. Rh6+ Kc5 54. Kxe5 Rf3 55. b4+ axb4 56. Rh8 b3 0-1

[Event "2.BLW 1617 SF Katernberg - Aachener SV"]
[Site "?"]
[Date "2017.02.19"]
[Round "6.1"]
[White "Seel, Christian"]
[Black "Tomic, Bosko"]
[Result "1/2-1/2"]
[WhiteElo "2471"]
[BlackElo "2453"]
[PlyCount "27"]
[EventDate "2017.??.??"]

1. Nf3 Nf6 2. g3 g6 3. b3 Bg7 4. Bb2 c5 5. Bg2 d6 6. O-O e5 7. e3 O-O 8. c4 Nc6
9. Nc3 Bf5 10. d3 Qd7 11. a3 Bh3 12. Bxh3 Qxh3 13. Ng5 Qd7 14. Nge4 {(=)}
1/2-1/2

[Event "2.BLW 1617 SF Katernberg - Aachener SV"]
[Site "?"]
[Date "2017.02.19"]
[Round "6.2"]
[White "Ris, Robert"]
[Black "Koch, Thomas"]
[Result "1/2-1/2"]
[WhiteElo "2415"]
[BlackElo "2474"]
[PlyCount "52"]
[EventDate "2017.??.??"]

1. d4 Nf6 2. Nf3 e6 3. Bf4 b6 4. e3 Bb7 5. Nbd2 Be7 6. h3 O-O 7. Bd3 d6 8. O-O
Re8 9. Qe2 Nd5 10. Bg3 Nb4 11. Bb5 Bc6 12. Bxc6 N4xc6 13. e4 Nd7 14. Rad1 Qc8
15. Rfe1 Bf8 16. c3 Qb7 17. Qd3 Ne7 18. Nf1 Rac8 19. Ne3 Nf6 20. d5 exd5 21.
exd5 Ng6 22. c4 Ne4 23. Nf5 Nxg3 24. Nxg3 Qa6 25. a3 Qa4 26. h4 Ne5 {(=)}
1/2-1/2

[Event "2.BLW 1617 SF Katernberg - Aachener SV"]
[Site "?"]
[Date "2017.02.19"]
[Round "6.3"]
[White "Vandenbussche, Thibaut"]
[Black "Kevlishvili, Robby"]
[Result "1-0"]
[WhiteElo "2374"]
[BlackElo "2414"]
[PlyCount "77"]
[EventDate "2017.??.??"]

1. e4 c5 2. Nf3 d6 3. c3 Nf6 4. h3 Nc6 5. Bd3 d5 6. e5 Nd7 7. Bb5 Qb6 8. Ba4 c4
9. O-O g6 10. b3 Nc5 11. bxc4 dxc4 12. Na3 Bg7 13. Nxc4 Qa6 14. Bxc6+ bxc6 15.
Nb2 Bf5 16. d4 Nd7 17. Re1 O-O 18. Nh4 Be6 19. Bg5 Rfe8 20. Nd3 Qc4 21. Nf4 h6
22. Nxe6 Qxe6 23. Bd2 Reb8 24. Qc1 Kh7 25. Qc2 Nb6 26. f4 Kg8 27. f5 gxf5 28.
Nxf5 Nc4 29. Qe4 Bf8 30. Rf1 Kh8 31. Bxh6 Bxh6 32. Qh4 Kh7 33. Nxh6 Qxh6 34.
Rxf7+ Kg6 35. Qxe7 Qe3+ 36. Kh1 Qe4 37. Qf6+ Kh5 38. Rh7+ Qxh7 39. g4# 1-0

[Event "2.BLW 1617 SF Katernberg - Aachener SV"]
[Site "?"]
[Date "2017.02.19"]
[Round "6.4"]
[White "Siebrecht, Sebastian"]
[Black "Sonntag, Hans-Hubert"]
[Result "1-0"]
[WhiteElo "2437"]
[BlackElo "2353"]
[PlyCount "111"]
[EventDate "2017.??.??"]

1. Nf3 d5 2. g3 c6 3. Bg2 Bf5 4. d3 h6 5. O-O e6 6. a4 a5 7. c3 Nd7 8. Nd4 Bh7
9. e4 dxe4 10. dxe4 Ngf6 11. Re1 Nc5 12. e5 Nd5 13. Bf1 Be7 14. Qg4 Bg6 15. h4
h5 16. Qd1 Qc7 17. Na3 Nd7 18. f4 Bc5 19. Kh2 N7b6 20. Bd2 Rd8 21. Qf3 Bxd4 22.
cxd4 Nb4 23. Bc3 Bf5 24. b3 g6 25. Rec1 Qe7 26. Bb2 O-O 27. Nc4 Nxc4 28. Rxc4
Rd5 29. Ba3 Rfd8 30. Qc3 Qd7 31. Rd1 c5 32. Rxc5 Rxc5 33. Qxc5 Nc2 34. Bb5 Qd5
35. Qxd5 exd5 36. Bc5 Nb4 37. Bxb4 axb4 38. Rc1 Rc8 39. Rc5 b6 40. Rxc8+ Bxc8
41. Be2 Kf8 42. Bf3 Be6 43. f5 gxf5 44. Bxh5 Ke7 45. Kg2 f6 46. exf6+ Kxf6 47.
Kf3 Bc8 48. Kf4 Ba6 49. Bf3 Ke6 50. h5 Bd3 51. Bxd5+ Kxd5 52. h6 Kxd4 53. h7
Kc3 54. h8=Q+ Kxb3 55. Ke3 Bb1 56. Kd2 1-0

[Event "2.BLW 1617 SF Katernberg - Aachener SV"]
[Site "?"]
[Date "2017.02.19"]
[Round "6.5"]
[White "Klein, Felix"]
[Black "Scholz, Christian"]
[Result "0-1"]
[WhiteElo "2313"]
[BlackElo "2378"]
[PlyCount "76"]
[EventDate "2017.??.??"]

1. e4 c5 2. Nf3 d6 3. d4 cxd4 4. Nxd4 Nf6 5. Nc3 a6 6. Be3 e5 7. Nf3 Qc7 8. a4
Be7 9. Be2 O-O 10. O-O Be6 11. a5 Nbd7 12. Nd5 Nxd5 13. exd5 Bg4 14. Ra4 f5 15.
Ng5 Bxe2 16. Qxe2 Bxg5 17. Bxg5 Rac8 18. b3 Qxc2 19. Qxc2 Rxc2 20. Rb4 Nc5 21.
Be7 Rf7 22. Bxd6 Rd7 23. Rb6 e4 24. g4 g6 25. f3 e3 26. Bxc5 Rxc5 27. f4 fxg4
28. Re1 Rxa5 29. Rxe3 Raxd5 30. Kf2 R5d6 31. Rb4 Kf7 32. Kg3 h5 33. Kh4 Rd4 34.
Rb6 Rxf4 35. Ree6 Rf5 36. h3 Rd3 37. hxg4 g5+ 38. Kxh5 Rh3# 0-1

[Event "2.BLW 1617 SF Katernberg - Aachener SV"]
[Site "?"]
[Date "2017.02.19"]
[Round "6.6"]
[White "Hoolt, Sarah"]
[Black "Begnis, Nikolaos"]
[Result "1-0"]
[WhiteElo "2390"]
[BlackElo "2288"]
[PlyCount "149"]
[EventDate "2017.??.??"]

1. e4 Nc6 2. Nf3 d6 3. d4 Nf6 4. d5 Nb8 5. Bd3 g6 6. Nc3 Bg7 7. h3 O-O 8. Be3
c6 9. Qd2 Qa5 10. O-O Bd7 11. Bh6 Rc8 12. Rfe1 Qd8 13. Bxg7 Kxg7 14. Rad1 Be8
15. Qf4 Nbd7 16. dxc6 Rxc6 17. Bb5 Rb6 18. e5 Nxe5 19. Nxe5 Bxb5 20. Nxb5 Rxb5
21. Nxf7 Qd7 22. Ng5 e5 23. Qh4 Re8 24. b3 Rb6 25. Nf3 Qf5 26. Qa4 Ra6 27. Qb4
Rb6 28. Qa5 Ra6 29. Qc7+ Qd7 30. Qc3 Rc6 31. Qb4 Rb6 32. Qd2 Qf5 33. c4 Rf8 34.
Qe3 Nd7 35. Rd5 Nc5 36. Nxe5 dxe5 37. Rxe5 Qxf2+ 38. Qxf2 Rxf2 39. Kxf2 Nd3+
40. Kg3 Kf6 41. R5e3 Nxe1 42. Rxe1 a5 43. Kf3 Rd6 44. Rf1 Ke7 45. Ke3 b6 46.
Rf4 Rd1 47. Re4+ Kf7 48. Rd4 Ra1 49. Rd7+ Ke8 50. Rd2 Ke7 51. Kf4 h6 52. Ke5
Re1+ 53. Kd5 Kd7 54. c5 bxc5 55. Kxc5+ Kc7 56. Kb5 Re5+ 57. Ka6 Rg5 58. g4 Re5
59. Rf2 h5 60. Rf4 Re2 61. gxh5 gxh5 62. Ra4 Re3 63. h4 Re5 64. Rxa5 Re6+ 65.
Ka7 Re2 66. a4 Re3 67. Rb5 Rh3 68. Rb4 Rf3 69. Rc4+ Kd6 70. b4 Rg3 71. b5 Rg7+
72. Kb6 Rg4 73. Rc6+ Kd7 74. a5 Rxh4 75. Rh6 1-0

[Event "2.BLW 1617 SF Katernberg - Aachener SV"]
[Site "?"]
[Date "2017.02.19"]
[Round "6.7"]
[White "Meessen, Rudolf"]
[Black "Wessendorf, Thomas"]
[Result "1-0"]
[WhiteElo "2285"]
[BlackElo "2273"]
[PlyCount "67"]
[EventDate "2017.??.??"]

1. d4 Nf6 2. Nc3 d5 3. Bf4 e6 4. Nb5 Na6 5. e3 Be7 6. Nf3 O-O 7. h3 Ne4 8. Nd2
f5 9. Nxe4 fxe4 10. Be2 c6 11. Nc3 c5 12. Qd2 Bf6 13. Nb5 Bd7 14. a4 cxd4 15.
exd4 Bc6 16. O-O Qd7 17. Ra3 Be7 18. Rg3 Nb4 19. Be5 Rf7 20. Bh5 Raf8 21. Bxf7+
Rxf7 22. Nxa7 Bxa4 23. b3 Nc6 24. Nxc6 Bxc6 25. Ra1 b5 26. Ra6 Qb7 27. Qh6 Bf8
28. Bxg7 Bxg7 29. Rxg7+ Rxg7 30. Qxe6+ Qf7 31. Qxc6 h5 32. Qh6 Qe8 33. Rd6 Qc8
34. Rxd5 1-0